كتاب صلة الصلة # # Kitab sillah assillah / (Record no. 80634)
[ view plain ]
| 000 -LEADER | |
|---|---|
| fixed length control field | 01350cam a2200301 a 4500 |
| 003 - CONTROL NUMBER IDENTIFIER | |
| rucl marc code | BD-RjUL |
| 005 - DATE AND TIME OF LATEST TRANSACTION | |
| control field | 20221027084803.0 |
| 008 - FIXED-LENGTH DATA ELEMENTS--GENERAL INFORMATION | |
| fixed length control field | 221027s1966 le fh b 000 0carard |
| 020 ## - INTERNATIONAL STANDARD BOOK NUMBER | |
| Terms of availability | £1.65 |
| 040 ## - CATALOGING SOURCE | |
| Transcribing agency | NN |
| Modifying agency | NN |
| -- | MiU |
| -- | CU-SB |
| -- | NNU |
| -- | UkOxU |
| Original cataloging agency | BD-RjUL |
| Language of cataloging | eng |
| 041 ## - LANGUAGE CODE | |
| Language code of text/sound track or separate title | ara |
| 082 ## - DEWEY DECIMAL CLASSIFICATION NUMBER | |
| Edition number | 23 |
| Classification number | 305.69709460903 |
| Author mark and year | AHK 1966 |
| 100 ## - MAIN ENTRY--PERSONAL NAME | |
| Personal name | Ahmed bin Zubair, bin Jaafar # # احمد بن الزبير, ابن جعفر |
| 9 (RLIN) | 5512 |
| 245 10 - TITLE STATEMENT | |
| Title | كتاب صلة الصلة # # Kitab sillah assillah / |
| Statement of responsibility, etc. | Abi Jaafar Ahmed bin Zubair # # ابي جعفر احمد بن الزبير |
| 246 14 - VARYING FORM OF TITLE | |
| Title proper/short title | Kitab sillah assillah / |
| 260 ## - PUBLICATION, DISTRIBUTION, ETC. (IMPRINT) | |
| Place of publication, distribution, etc. | [Lebanon] : |
| Name of publisher, distributor, etc. | Maktabat al Khiat, |
| Date of publication, distribution, etc. | 1966. |
| 300 ## - PHYSICAL DESCRIPTION | |
| Pagination | 285 p. ; |
| Size | 23 cm |
| 504 ## - BIBLIOGRAPHY, ETC. NOTE | |
| Bibliography, etc | Includes bibliographical references. |
| 650 #0 - SUBJECT ADDED ENTRY--TOPICAL TERM | |
| Topical term or geographic name as entry element | Muslims |
| Geographic subdivision | Spain |
| Form subdivision | Biography |
| -- | Early works to 1800. |
| 9 (RLIN) | 5513 |
| Topical term or geographic name as entry element | Arabs |
| Geographic subdivision | Spain |
| Form subdivision | Biography |
| -- | Early works to 1800. |
| 9 (RLIN) | 5514 |
| 830 #0 - SERIES ADDED ENTRY--UNIFORM TITLE | |
| Uniform title | Maktabah al-Andalusīyah ; |
| Volume number/sequential designation | 4-5 |
| 880 10 - ALTERNATE GRAPHIC REPRESENTATION | |
| Linkage | 245-03/(3/r |
| a | كتاب صلة الصلة / |
| c | تأليف ابن بشكوال أبي القاسم خلف بن عبد الملك. |
| Linkage | 260-04/(3/r |
| a | [Cairo] : |
| b | الدار المصرية للتأليف والترجمة، |
| c | ٦٦٩١. |
| Linkage | 490-05/(3/r |
| a | تراثنا |
| Linkage | 440-06/(3/r |
| a | مكتبة الأندلسية ؛ |
| v | ٥-٤ |
| 942 ## - ADDED ENTRY ELEMENTS (KOHA) | |
| Source of classification or shelving scheme | Dewey Decimal Classification |
| Koha item type | Books |
| Lost status | Source of classification or shelving scheme | Damaged status | Not for loan | Collection code | Permanent Location | Current Location | Shelving location | Date acquired | Source of acquisition | Cost, normal purchase price | Total Checkouts | Full call number | Date last seen | Copy number | Koha item type |
|---|---|---|---|---|---|---|---|---|---|---|---|---|---|---|---|
| Dewey Decimal Classification | Not For Loan | Non-fiction | Central Library, University of Rajshahi | Central Library, University of Rajshahi | Reading Room | 22/08/1968 | Daka book centre | 38.50 | A 305.69709460903 AHK 1966 | 27/10/2022 | C-1 | Books |